[Event "111th ch-SUI"]
[Site "Leukerbad SUI"]
[Date "2011.07.09"]
[Round "3"]
[White "Zueger,B"]
[Black "Bauer,Ch"]
[Result "1/2-1/2"]
[WhiteElo "2407"]
[BlackElo "2637"]

1.g3 d5 2.Nf3 c6 3.Bg2 Nf6 4.O-O Bf5 5.d3 e6 6.Nbd2 h6 7.b3 a5 8.Bb2 a4 9.c4 Nbd7
10.cxd5 cxd5 11.bxa4 Nc5 12.Bxf6 gxf6 13.Rc1 Bh7 14.Nd4 Be7 15.N2b3 Nxa4
16.e4 dxe4 17.Bxe4 Bxe4  1/2-1/2

[Event "ch-Central Serbia Int Open B"]
[Site "Paracin SRB"]
[Date "2011.07.09"]
[Round "2.11"]
[White "Zivkovic,Zivojin"]
[Black "Lazovic,Bozidar"]
[Result "1-0"]
[WhiteElo "1984"]
[BlackElo "1744"]

1.Nf3 d5 2.g3 c6 3.Bg2 Bf5 4.d3 h6 5.O-O Nf6 6.Nbd2 e6 7.c4 Bc5 8.a3 a5 9.b3 O-O
10.Qc2 Qe7 11.Bb2 Nbd7 12.Qc3 Rfd8 13.e4 Bh7 14.e5 Ne8 15.d4 Ba7 16.c5 Rdc8
17.Nh4 b6 18.b4 Bb8 19.f4 g6 20.Rf2 axb4 21.axb4 Rxa1+ 22.Bxa1 bxc5 23.dxc5 Ng7
24.Nhf3 Qe8 25.Nb3 Nf5 26.Na5 Rc7 27.g4 Ne7 28.Nd4 Nf8 29.Bf1 Ba7 30.Bb2 Nd7
31.Ba6 Nb8 32.Bd3 Nc8 33.Qd2 Ne7 34.f5 g5 35.h4 exf5 36.gxf5 Nc8 37.e6 f6
38.hxg5 hxg5 39.Rh2 Kg7 40.Nf3 Kg8 41.Qc3 Nd7 42.exd7 Qe3+ 43.Rf2  1-0

[Event "WCh-IPCA Open A"]
[Site "Piestany SVK"]
[Date "2011.07.09"]
[Round "9"]
[White "Vodyasov,E"]
[Black "Anfinogenov,A"]
[Result "1-0"]
[WhiteElo "2224"]
[BlackElo "2100"]

1.Nf3 d5 2.g3 c5 3.Bg2 Nc6 4.O-O e5 5.d3 Nf6 6.Nbd2 Qc7 7.e4 d4 8.a4 Be7
9.Nc4 O-O 10.Nh4 Ne8 11.Nf5 Nd6 12.Nfxd6 Bxd6 13.f4 f5 14.fxe5 Nxe5 15.Nxd6 Qxd6
16.Bf4 Qf6 17.exf5 Bxf5 18.Bxb7 Rae8 19.Bxe5 Qxe5 20.Qd2 Bh3 21.Rfe1 Qf5
22.Bg2 Bg4 23.Rxe8 Rxe8 24.Re1 Rxe1+ 25.Qxe1 Kf7 26.Qa5 Qg5 27.Qxa7+ Kg6
28.Be4+ Kh6 29.Qf7 Qc1+ 30.Qf1 Qxc2 31.h3 Bh5 32.Qf4+  1-0

[Event "St Pauli Open"]
[Site "Hamburg GER"]
[Date "2011.07.10"]
[Round "2.10"]
[White "Hedden,H"]
[Black "Meyer,Mal"]
[Result "1/2-1/2"]
[WhiteElo "2100"]
[BlackElo "2315"]

1.Nf3 d5 2.g3 Nf6 3.Bg2 e6 4.O-O Be7 5.d4 O-O 6.c4 c6 7.Nbd2 Nbd7 8.b3 b6
9.Bb2 Bb7 10.Re1 Rc8 11.e4 c5 12.exd5 exd5 13.Bh3 Rc7 14.Re3 dxc4 15.Nxc4 Nd5
16.Re1 cxd4 17.Nxd4 Bb4 18.Rf1 Bc3 19.Bxc3 Nxc3 20.Qc2 Ne5 21.Qxc3 Qxd4 22.Qxd4 Nf3+
23.Kh1 Nxd4+ 24.Bg2 Ba6 25.Rfd1 Rd8 26.Ne3 Be2 27.Rd2 Rcd7 28.Re1 Bf3 29.Bxf3 Nxf3
30.Rxd7 Rxd7 31.Rc1 g6 32.Kg2 Ne5 33.Rc8+ Kg7 34.Nc4 Nd3 35.Ne3 h5 36.Kf1 f5
37.f4 Re7 38.Ke2 Nb4 39.Kd2 Nxa2 40.Nc4 Nb4 41.Ne5 Nd5 42.Rc6 Nf6 43.Kd3 h4
44.Kd4 hxg3 45.hxg3 Rb7 46.Kc4 b5+ 47.Kb4 Nd5+ 48.Kc5 Ne7 49.Re6 a5 50.Ra6 a4
51.bxa4 b4 52.Rb6 Rc7+  1/2-1/2

[Event "1st Crakow Closed GM"]
[Site "Krakow POL"]
[Date "2011.07.10"]
[Round "9.5"]
[White "Fauland,A"]
[Black "Fodor,T jr"]
[Result "0-1"]
[WhiteElo "2477"]
[BlackElo "2460"]

1.Nf3 d5 2.g3 c6 3.Bg2 Bg4 4.O-O Nd7 5.c4 e6 6.b3 Ngf6 7.Bb2 Bd6 8.d3 O-O
9.Nbd2 Qe7 10.a3 a5 11.h3 Bh5 12.e4 dxe4 13.dxe4 e5 14.Qc2 Rfd8 15.Nh4 Qe6
16.Rae1 Ne8 17.Nf5 Bf8 18.f4 f6 19.Nf3 Nd6 20.g4 Bg6 21.fxe5 Nxe5 22.Nxe5 fxe5
23.h4 a4 24.b4 Nxc4 25.Bc1 b5 26.Rf3 c5 27.bxc5 Bxc5+ 28.Kh1 Rac8 29.h5 Bf7
30.Qb1 Qc6 31.Bg5 Rd7 32.Qc1 Bf8 33.Bf1 h6 34.Bh4 Nd2 35.Qxc6 Rxc6  0-1

[Event "111th ch-SUI"]
[Site "Leukerbad SUI"]
[Date "2011.07.10"]
[Round "4"]
[White "Domont,A"]
[Black "Stoeri,S"]
[Result "1-0"]
[WhiteElo "2377"]
[BlackElo "2118"]

1.g3 d5 2.Nf3 Nf6 3.Bg2 c5 4.O-O Nc6 5.d4 Bf5 6.Be3 Qb6 7.b3 e6 8.Nc3 Ng4
9.dxc5 Nxe3 10.cxb6 Nxd1 11.Rfxd1 Bxc2 12.Rdc1 Bg6 13.Nb5 Kd8 14.Rxc6 bxc6
15.Nxa7 Bd6 16.Nxc6+ Kc8 17.Nce5 Kb7 18.Nxg6 hxg6 19.e4 dxe4 20.Ng5 Be5 21.Re1 Bc3
22.Rc1 Bd2 23.Bxe4+ Ka6 24.Rc5 Raf8 25.Nf3 Ba5 26.b7 Bb6 27.Rc4 Ba7 28.Ne5 Bb8
29.Ra4+ Kb5 30.Bd3+ Kb6 31.Nd7+ Kxb7 32.Nxf8 Rxf8 33.Be4+ Kb6 34.Rb4+ Kc5
35.Rc4+ Kb6 36.Rb4+ Kc5 37.Rc4+ Kb6 38.Rc6+ Ka5 39.Rc5+ Kb6 40.Rc2 Be5 41.Rc6+ Kb5
42.a4+ Kb4 43.Rb6+ Kc3 44.a5 Bd4 45.Rb5 f5 46.Bb7 f4 47.g4 f3 48.a6 Kd2 49.Rb4 Ba7
50.Re4 Kd3 51.Rxe6 Kc2 52.Re7 Rf4 53.Bxf3 Bc5 54.Rc7  1-0

[Event "Lev Polugaevsky Mem"]
[Site "Samara RUS"]
[Date "2011.07.10"]
[Round "6"]
[White "Sidorov,A"]
[Black "Sanzhaev,D"]
[Result "0-1"]
[WhiteElo "2331"]
[BlackElo "2211"]

1.Nf3 d5 2.g3 c6 3.Bg2 Bg4 4.c4 Nd7 5.cxd5 cxd5 6.Qa4 Bxf3 7.Bxf3 e6 8.Nc3 Nf6
9.O-O Bd6 10.d4 O-O 11.Qb5 Rb8 12.Qd3 a6 13.Bg2 Qe7 14.Bd2 Rfd8 15.Rac1 h6
16.Rfd1 Nb6 17.b3 Rbc8 18.Nb1 Bb4 19.f3 Bxd2 20.Qxd2 Rxc1 21.Rxc1 Rc8 22.Rxc8+ Nxc8
23.e4 dxe4 24.fxe4 e5 25.Qc3 Na7 26.d5 Nb5 27.Qc4 Nd4 28.b4 Ne8 29.a3 Kh7
30.Nd2 Nd6 31.Qc5 Qg5 32.Nf1 Qg6 33.Qc7 Nxe4 34.Bxe4 Qxe4 35.Qxf7 Nf3+ 36.Kf2 Qe1+  0-1

[Event "Open ch-SVK A"]
[Site "Banska Stiavnica SVK"]
[Date "2011.07.11"]
[Round "3"]
[White "Hagara,E"]
[Black "Kovac,A"]
[Result "1-0"]
[WhiteElo "2399"]
[BlackElo "2131"]

1.Nf3 d5 2.g3 c6 3.Bg2 Nf6 4.b3 Bg4 5.c4 Nbd7 6.d4 e6 7.O-O Bd6 8.Ba3 Bxa3
9.Nxa3 O-O 10.Nc2 Re8 11.Re1 dxc4 12.bxc4 e5 13.Ne3 Bh5 14.d5 cxd5 15.cxd5 Nb6
16.Qb3 e4 17.Nd2 Nbxd5 18.Nxd5 Qxd5 19.Nxe4 Qxb3 20.Nxf6+ gxf6 21.axb3 Re7
22.h3 a6 23.e4 Rae8 24.Re3 Bg6 25.Rae1 Kf8 26.g4 h5 27.Kf1 Kg7 28.R3e2 hxg4
29.hxg4 b5 30.f4 a5 31.f5 Bh7 32.Ra1 Ra7 33.Rea2 a4 34.bxa4 bxa4 35.Rxa4 Rxa4
36.Rxa4 Re5 37.Kf2 Rc5 38.Bf1 Rc3 39.Be2 Bg8 40.Bf3 Bh7 41.Kg3 Rc5 42.Kf4 Bg8
43.Ra7 Rc1 44.e5 fxe5+ 45.Kxe5 Rc8 46.g5 Re8+ 47.Kf4 Kf8 48.Bc6 Rc8 49.Bd7 Rd8
50.Ke5 Rb8 51.Bc6 Rc8 52.Bd7 Rb8 53.Kf6 Rd8 54.Rc7 Rb8 55.Bc6 Rd8 56.Bd5 Ke8
57.Bxf7+  1-0

[Event "ch-Central Serbia Int Open B"]
[Site "Paracin SRB"]
[Date "2011.07.11"]
[Round "4.19"]
[White "Zivkovic,Zivojin"]
[Black "Amon,Nejc"]
[Result "1/2-1/2"]
[WhiteElo "1984"]
[BlackElo "1646"]

1.Nf3 d5 2.g3 Nf6 3.d3 c6 4.Bg2 Bg4 5.O-O Nbd7 6.Nbd2 e5 7.e4 dxe4 8.dxe4 Bc5
9.c3 O-O 10.b4 Bb6 11.Qc2 Re8 12.Nc4 Bc7 13.Nh4 g6 14.Bg5 Nb6 15.Na5 Rb8
16.c4 Nbd7 17.Nb3 b5 18.c5 a5 19.a3 a4 20.Nc1 Nf8 21.Bh6 Ne6 22.Ne2 Bxe2
23.Qxe2 Nd4 24.Qb2 Qe7 25.Rae1 Rbd8 26.Nf3 Ng4 27.Bd2 Qd7 28.Bc3 Nxf3+ 29.Bxf3 Nf6
30.Bg2 Qe7 31.f4 Nh5 32.Bf3 Nf6 33.Bd1 Nd7 34.Rf2 h5 35.f5 Rf8 36.Qc1 Nf6
37.h3 Qd7 38.Bc2 Kh7 39.Qg5 Ng8 40.Ref1 Kg7 41.g4 hxg4 42.hxg4 Nf6 43.Rh2 Rh8
44.Rff2 Qe7 45.fxg6 fxg6 46.Rh5 Qe6 47.Rxh8 Rxh8 48.Rf5 Rf8 49.Bxe5 Bxe5
50.Rxe5 Qxg4+ 51.Qxg4 Nxg4 52.Rg5 Ne3 53.Bd3 Rd8 54.Be2 Rd2 55.Kf2 Nc2 56.e5 Nd4
57.Ke3 Rxe2+ 58.Kxd4 Rd2+ 59.Ke4 Re2+ 60.Kf4 Rf2+ 61.Ke4 Re2+ 62.Kf4 Rf2+
63.Ke4 Re2+ 64.Kf4 Rf2+ 65.Ke4 Re2+  1/2-1/2

[Event "8th South Wales Int"]
[Site "Penarth WLS"]
[Date "2011.07.11"]
[Round "5.8"]
[White "Hickman,J"]
[Black "Byron,A"]
[Result "0-1"]
[WhiteElo "1998"]
[BlackElo "2223"]

1.Nf3 d5 2.g3 e6 3.Bg2 c5 4.O-O Nc6 5.d3 Bd6 6.Nbd2 Nge7 7.e4 O-O 8.Re1 b6
9.h4 Bc7 10.h5 f6 11.Nf1 d4 12.Bh3 e5 13.Bxc8 Rxc8 14.g4 b5 15.Ng3 c4 16.Nf5 Ba5
17.Re2 Nxf5 18.gxf5 Qe8 19.h6 Qh5 20.hxg7 Rf7 21.Nh2 Rxg7+ 22.Kh1 Kh8 23.Bd2 Rcg8
24.f3 c3 25.bxc3 dxc3 26.Be3 Bb6 27.Bxb6 axb6 28.Rf2 Qh4 29.Qe2 Nd4 30.Qe3 Qh3  0-1

[Event "Lev Polugaevsky Mem"]
[Site "Samara RUS"]
[Date "2011.07.11"]
[Round "7"]
[White "Kholopov,A"]
[Black "Eryshkanova,A"]
[Result "1-0"]
[WhiteElo "2312"]
[BlackElo "2122"]

1.Nf3 d5 2.g3 Nf6 3.Bg2 Bf5 4.c4 e6 5.Qb3 Na6 6.d3 Be7 7.Qxb7 Nb4 8.Qb5+ Kf8
9.Qa4 dxc4 10.a3 cxd3 11.axb4 dxe2 12.Nc3 Ne4 13.Nd2 Nxf2 14.Kxf2 Qd4+ 15.Ke1  1-0

[Event "XX Adolf Anderssen Memorial Open"]
[Site "Wroclaw POL"]
[Date "2011.07.11"]
[Round "1"]
[White "Somyk,M"]
[Black "Stachowiak,K"]
[Result "0-1"]
[WhiteElo "1931"]
[BlackElo "2436"]

1.Nf3 d5 2.g3 Nf6 3.Bg2 g6 4.O-O Bg7 5.d4 O-O 6.c4 c6 7.Nc3 dxc4 8.Ne5 Be6
9.e3 Nbd7 10.Qe2 Nxe5 11.dxe5 Nd5 12.f4 Nxc3 13.bxc3 f6 14.exf6 Bxf6 15.Rd1 Qa5
16.Rb1 Rab8 17.e4 Bxc3 18.f5 gxf5 19.exf5 Qxf5 20.Be4 Qg4 21.Qc2 Bg7 22.Bxh7+ Kh8
23.Be3 Bd5 24.Rf1 Rf3 25.Bf4 Rf8 26.Be4 Bd4+ 27.Kh1 e5 28.Bxd5 cxd5 29.Rfd1 Rf2
30.Rf1 Qf3+  0-1

[Event "SPA Open A"]
[Site "Amsterdam NED"]
[Date "2011.07.12"]
[Round "4"]
[White "Lenderman,A"]
[Black "Posedaru,B"]
[Result "1-0"]
[WhiteElo "2525"]
[BlackElo "2354"]

1.Nf3 d5 2.g3 Bg4 3.Bg2 e6 4.c4 c6 5.cxd5 exd5 6.O-O Nd7 7.d3 Ngf6 8.e4 dxe4
9.dxe4 Nc5 10.Nc3 Qxd1 11.Rxd1 Be7 12.Bg5 h6 13.Be3 Ncxe4 14.Nxe4 Nxe4 15.Ne5 Bxd1
16.Rxd1 f5 17.Ng6 Rg8 18.Bh3 Rd8 19.Re1 Bb4 20.Re2 Rd1+ 21.Kg2 Kf7 22.Bxf5 Nd6
23.Bc2 Re1 24.Rxe1 Bxe1 25.Bb3+ Kxg6 26.Bxg8 a5 27.Kf1  1-0

[Event "21st Heart of Finland"]
[Site "Jyvaskyla FIN"]
[Date "2011.07.12"]
[Round "2"]
[White "Novik,Ma"]
[Black "Sepman,Y"]
[Result "1/2-1/2"]
[WhiteElo "2478"]
[BlackElo "2319"]

1.Nf3 d5 2.g3 Nf6 3.Bg2 e6 4.O-O Be7 5.d3 b6 6.Nbd2 Bb7 7.e4 c5 8.Re1 Nc6
9.c3 Qc7 10.Qe2 a5 11.a4 Rd8 12.Nb1 c4 13.dxc4 dxe4 14.Ng5 Ne5 15.Nxe4 Nxe4
16.Bxe4 Bxe4 17.Qxe4 Nxc4 18.b3 Nd6 19.Qf3 O-O 20.Na3 Bf6 21.Bb2 Qb7 22.Qe2 Rd7
23.Rad1 Rfd8 24.Nb5 Ra8  1/2-1/2

[Event "21st Heart of Finland"]
[Site "Jyvaskyla FIN"]
[Date "2011.07.12"]
[Round "2"]
[White "Hartio,I"]
[Black "Parkkinen,J"]
[Result "1/2-1/2"]
[WhiteElo "2071"]
[BlackElo "2207"]

1.Nf3 d5 2.g3 Nc6 3.d4 Bg4 4.Bg2 Qd7 5.Bf4 f6 6.h3 Bf5 7.g4 Be4 8.c3 g5 9.Bg3 h5
10.gxh5 e6 11.Nbd2 O-O-O 12.Nxe4 dxe4 13.Nd2 f5 14.e3 Nf6 15.Nc4 Nxh5 16.Ne5 Qe8
17.Nxc6 Qxc6 18.Be5 Rh7 19.Qc2 Bg7 20.Bxg7 Rxg7 21.O-O-O Nf6 22.Qe2 f4 23.f3 Nd5
24.fxe4 Nxe3 25.Rd2 e5 26.d5 Qd7 27.Rd3 Rh8 28.Rxe3 fxe3 29.Qxe3 Kb8 30.Qg3 Qe7
31.Bf3 Qf6 32.Qg2 Qf4+ 33.Kb1 Rf8 34.Bg4 Re7 35.Rg1 a5 36.a3 Rg7 37.Ka2 Qe3
38.Bf5 Rgg8 39.Rf1 Qd3 40.Rf3 Qc4+ 41.Ka1 Qb3 42.Rg3 b5 43.Qg1 Rf6 44.Rxg5 Rxg5
45.Qxg5 b4 46.axb4  1/2-1/2

[Event "Oberwart Open"]
[Site "Oberwart AUT"]
[Date "2011.07.12"]
[Round "4"]
[White "Seifert,Mi"]
[Black "Schneider Zinner,H"]
[Result "0-1"]
[WhiteElo "2153"]
[BlackElo "2346"]

1.Nf3 d5 2.g3 c6 3.d3 Nf6 4.Bg2 Bf5 5.b3 e6 6.O-O h6 7.Bb2 Be7 8.Nbd2 O-O
9.Re1 a5 10.a3 c5 11.e4 Bh7 12.Ne5 Nbd7 13.Nxd7 Qxd7 14.e5 Ne8 15.Qe2 a4
16.c4 Nc7 17.Rac1 b5 18.cxd5 exd5 19.f4 axb3 20.Nxb3 Ne6 21.Rcd1 Rab8 22.Rf1 b4
23.a4 Nc7 24.Ra1 Na6 25.Rfd1 Bf5 26.Bf3 Be6 27.g4 f5 28.exf6 Bxf6 29.Bxf6 Rxf6
30.f5 Bf7 31.Qf2 Rc8 32.h3 Qd6 33.Kg2 g6 34.fxg6 Bxg6 35.Qg3 Qxg3+ 36.Kxg3 Bf7
37.Rac1 c4 38.d4 Re8 39.Na5 Re3 40.Rf1 Bg6 41.Kg2  0-1

[Event "ch-Central Serbia Int Open A"]
[Site "Paracin SRB"]
[Date "2011.07.12"]
[Round "5.11"]
[White "Popovic,AM"]
[Black "Pikula,D"]
[Result "1/2-1/2"]
[WhiteElo "2321"]
[BlackElo "2532"]

1.Nf3 d5 2.g3 Nf6 3.Bg2 c6 4.O-O Bg4 5.d3 Nbd7 6.Nbd2 e5 7.e4 Bd6 8.h3 Bh5
9.Qe2 O-O 10.g4 Bg6 11.Nh4 Re8 12.Nf5 Bc7 13.h4 h6 14.Re1 Nf8 15.Nf1 Ne6
16.N1g3 Nf4 17.Qf3 Re6 18.Ne2 Nxe2+ 19.Qxe2 dxe4 20.dxe4 Nd7 21.Rd1 Qe8 22.Bh3 Nf8
23.g5 hxg5 24.Bxg5 f6 25.Be3 Bh5 26.f3 Bb6 27.Kh2 Bg6 28.Rg1 Bxf5 29.Bxf5 Re7
30.Rg4 Qh5 31.Rag1 Rd8 32.Kh3 Bxe3 33.Qxe3 b6 34.R1g2 Rd6 35.Qg1 Qh6 36.Qf1 c5
37.Qe2 Qc1 38.b3 Rd1 39.h5 Rh1+ 40.Rh2 Rxh2+ 41.Kxh2 Qh6 42.Qc4+ Kh8 43.Kg3 Qe3
44.Qd5  1/2-1/2

[Event "ch-Central Serbia Int Open A"]
[Site "Paracin SRB"]
[Date "2011.07.12"]
[Round "6.13"]
[White "Popovic,AM"]
[Black "Miladinovic,I"]
[Result "0-1"]
[WhiteElo "2321"]
[BlackElo "2566"]

1.Nf3 d5 2.g3 Nc6 3.Bg2 e5 4.d3 f6 5.Nbd2 Be6 6.c3 Qd7 7.b4 Bh3 8.Bxh3 Qxh3
9.Qa4 Ne7 10.Nb3 Nc8 11.Nc5 Bxc5 12.bxc5 Ne7 13.Rb1 Rb8 14.g4 e4 15.dxe4 Qxg4
16.Rg1 Qxe4 17.Rb4 d4 18.Rxg7 Kd8 19.Rb2 Nf5 20.Nxd4 Nfxd4 21.cxd4 Qh1+ 22.Kd2 Re8
23.Qc4 Qe4 24.Rb3 Na5 25.Qd3 Nxb3+ 26.axb3 Qf4+ 27.Kd1 Qxf2 28.Bd2 Qh4 29.Ba5 Rc8
30.d5 Re7 31.Rxe7 Kxe7 32.d6+ Ke6 33.Bxc7 Qxh2 34.Qe4+ Kf7 35.Qc4+ Kf8 36.Qd4 Kf7
37.Qd5+ Kg7 38.Qxb7 Qg1+ 39.Kc2 Qxc5+ 40.Kd3 Qf5+ 41.Qe4 Qd7  0-1

[Event "St Pauli Open"]
[Site "Hamburg GER"]
[Date "2011.07.13"]
[Round "6.18"]
[White "Gollasch,T"]
[Black "Andersen,Je"]
[Result "1/2-1/2"]
[WhiteElo "2096"]
[BlackElo "2186"]

1.Nf3 d5 2.g3 Nc6 3.d4 Bg4 4.Bg2 Qd7 5.Ne5 Nxe5 6.dxe5 c6 7.h3 Bh5 8.O-O e6
9.b3 f6 10.Bb2 fxe5 11.Bxe5 Nf6 12.Bxf6 gxf6 13.Qd2 O-O-O 14.Nc3 Bg6 15.e4 dxe4
16.Qxd7+ Rxd7 17.Nxe4 Be7 18.Rad1 Rhd8 19.Rxd7 Rxd7 20.Re1 f5 21.Nc3 Bb4
22.Re3 Rd2 23.a3 Bc5 24.Re2 Rxe2 25.Nxe2 Bxa3 26.f4 Kc7 27.Kf1 Bh5 28.Nd4 Kd6
29.Bf3 Bxf3 30.Nxf3 Bb2 31.Ke2 h5 32.Ke3 b5 33.Ne1 a5 34.Kd2 Bf6 35.c3 Kd5
36.Kd3 c5 37.c4+ Kc6 38.Nc2 Bb2 39.Ne3 Bd4 40.Nf1 Kb6 41.Nh2 a4 42.bxa4 bxa4
43.Kc2 Ka5 44.g4 fxg4 45.hxg4 hxg4 46.Nxg4 Kb4 47.Nh2 a3  1/2-1/2

[Event "111th ch-SUI"]
[Site "Leukerbad SUI"]
[Date "2011.07.13"]
[Round "7"]
[White "Korchnoi,V"]
[Black "Raetsky,A"]
[Result "0-1"]
[WhiteElo "2553"]
[BlackElo "2425"]

1.Nf3 d5 2.g3 Nc6 3.d4 Bg4 4.Bg2 Qd7 5.c4 dxc4 6.d5 Bxf3 7.Bxf3 Ne5 8.Bg2 e6
9.Nc3 exd5 10.Qxd5 Qxd5 11.Nxd5 O-O-O 12.Bf4 Bd6 13.O-O c6 14.Ne3 Ne7 15.Rfc1 Kb8
16.Bxe5 Bxe5 17.Nxc4 Bc7 18.b4 Nd5 19.Rab1 Nb6 20.Bf3 Nxc4 21.Rxc4 a6 22.a4 Bb6
23.b5 cxb5 24.axb5 a5 25.Rf4 Rd7 26.g4 f6 27.e3 Rhd8 28.Kg2 Re7 29.Rb2 Ka7
30.Rc4 Rc7 31.Re4 Bc5 32.Re6 b6 33.Rc2 Kb8 34.Rc4 Re7 35.Rc6 Rc8 36.Rxc8+ Kxc8
37.Bd5 Kc7 38.e4 g5 39.f4 Kd6 40.Kf3 Ra7 41.Rc2 a4 42.Bc4 a3 43.e5+ fxe5
44.f5 Ke7 45.Ke4 Kf6 46.Kf3 Ra4 47.Kg3 e4 48.h3 Rb4 49.Kg2 Ke5 50.Kg3 Kd4
51.Ba2 Kd3 52.Rg2 Bd6+ 53.Kf2 Rb2+ 54.Kf1 e3  0-1

[Event "ch-Central Serbia Int Open A"]
[Site "Paracin SRB"]
[Date "2011.07.13"]
[Round "7.32"]
[White "Gajovic,Dragan"]
[Black "Radusinovic,L"]
[Result "0-1"]
[WhiteElo "2121"]
[BlackElo "2283"]

1.Nf3 d5 2.g3 g6 3.Bg2 Bg7 4.O-O Bg4 5.c4 dxc4 6.Qa4+ c6 7.Qxc4 Nf6 8.d3 O-O
9.Bg5 Qc8 10.Re1 h6 11.Bd2 Nbd7 12.Qc1 Kh7 13.h3 Bxf3 14.Bxf3 Qc7 15.Bg2 Rad8
16.d4 Qb6 17.Rd1 e5 18.Be3 Qa6 19.Nc3 Rfe8 20.d5 cxd5 21.Nxd5 e4 22.Nc7 Qxe2
23.Nxe8 Rxe8 24.Rd2 Qh5 25.Qd1 Qf5 26.Bd4 Ne5 27.Bxe5 Qxe5 28.Qe2 h5 29.f4 Qc5+
30.Kh1 Qb5 31.Rad1 h4 32.g4 e3 33.Rd4 Qb6 34.Bf3 Nxg4 35.Rd6 Nf2+ 36.Kg2 Qb4
37.Rd8 Rxd8 38.Rxd8 Qxf4 39.Bxb7 Qg5+ 40.Kf1 Qxd8 41.Qxe3 Qd1+  0-1

[Event "Nana Aleksandria Cup"]
[Site "Poti GEO"]
[Date "2011.07.13"]
[Round "3"]
[White "Benidze,D"]
[Black "Beradze,I"]
[Result "0-1"]
[WhiteElo "2514"]
[BlackElo "2281"]

1.Nf3 d5 2.g3 c6 3.Bg2 Bf5 4.O-O Nf6 5.d3 e6 6.Nbd2 Bc5 7.c3 Nbd7 8.Qe1 Bg6
9.e4 dxe4 10.dxe4 e5 11.Nh4 a5 12.Nc4 O-O 13.a4 b5 14.Nxg6 hxg6 15.Na3 Rb8
16.Qe2 Qb6 17.axb5 cxb5 18.Rd1 Qc6 19.Nc2 Bb6 20.Ne3 Nc5 21.Nd5 Nxd5 22.Rxd5 Nb3
23.Rb1 Nxc1 24.Rxc1 Qf6 25.Bh3 Rfd8 26.Bd7 b4 27.c4 Qe7 28.Ba4 Rbc8 29.Rcd1 Rxd5
30.cxd5 Bd4 31.Bc6 Qc5 32.b3 Rd8 33.Kg2 Rd6 34.Rd3 Rf6 35.f3 Qc1 36.Qd1 Qb2+
37.Rd2 Qc3 38.Ra2 g5 39.Bd7 Qe3 40.Bf5 g6 41.Bg4 Kg7 42.Rxa5 Qf2+ 43.Kh1 Rd6
44.Ra8 Ba7 45.Qa1 Bd4 46.Ra2 Ra6 47.Rxa6 Bxa1 48.Rxa1  0-1

[Event "Nana Aleksandria Cup"]
[Site "Poti GEO"]
[Date "2011.07.13"]
[Round "3"]
[White "Pantsulaia,L"]
[Black "Gelazonia,P"]
[Result "1-0"]
[WhiteElo "2612"]
[BlackElo "2307"]

1.Nf3 d5 2.g3 c6 3.Bg2 Bg4 4.O-O Nd7 5.d3 Ngf6 6.Qe1 e5 7.e4 dxe4 8.dxe4 Bxf3
9.Bxf3 a5 10.a4 Bb4 11.Qe2 O-O 12.Nd2 Re8 13.Rd1 Qc7 14.Nc4 Nb6 15.Be3 Nxc4
16.Qxc4 Qe7 17.Rd3 Red8 18.Rad1 Rxd3 19.Rxd3 Rd8 20.Rxd8+ Qxd8 21.Qb3 Qc8
22.Bg2 Bd6 23.Bf1 c5 24.Bc4 Qc7 25.f3 b6 26.Qb5 g6 27.c3 Kg7 28.b4 Nd7 29.bxa5 bxa5
30.Ba2  1-0

[Event "118th ch-SCO"]
[Site "Edinburgh SCO"]
[Date "2011.07.14"]
[Round "6"]
[White "Burnett,W"]
[Black "Sanderson,Mark"]
[Result "1/2-1/2"]
[WhiteElo "2020"]
[BlackElo "1799"]

1.Nf3 d5 2.g3 Nf6 3.Bg2 Bg4 4.O-O c6 5.d3 Nbd7 6.Nbd2 e5 7.e4 dxe4 8.dxe4 Bc5
9.Qe1 O-O 10.h3 Bxf3 11.Nxf3 Re8 12.Bg5 Qc7 13.Rd1 a5 14.Qe2 Be7 15.g4 Nc5
16.Ne1 Ne6 17.Be3 Rad8 18.Nd3 Bd6 19.g5 Nd7 20.c3 Ndc5 21.Nxc5 Bxc5 22.Bxc5 Nxc5
23.Rxd8 Rxd8 24.h4 Ne6 25.Bf3 Nf4 26.Qc2 Rd3 27.Bg4 Qe7 28.Rd1 Rxd1+ 29.Qxd1 h6
30.Qd7 Qxd7 31.Bxd7 hxg5 32.hxg5 Nd3 33.Bc8 b6 34.b3 Nc1 35.Bb7 c5 36.a4 Ne2+
37.Kf1 Nxc3 38.Ke1 b5 39.Kd2 b4 40.f3 Kf8 41.Kd3 Ke7 42.Bc8 Kd6 43.Bh3 Kc6
44.Bg2 Na2 45.Kc4 Nc1 46.f4 f6 47.Bf3 Na2 48.fxe5 fxe5 49.Bh5 Nc3 50.Bf7 Kd6
51.Bg6 Kc6 52.Bh5 Kd6 53.Bg6 Kc6 54.Bf7 Kd6 55.Kd3 Ke7 56.Bc4 Kd6 57.Ke3 Nd1+
58.Ke2 Nc3+ 59.Kf3 Nd1 60.Be2 Nc3 61.Bd3 Nd1 62.Bc2 Nc3 63.Kg4 Ne2 64.Bd3 Nd4
65.Bc4 Nc6 66.Kf3 Nd4+ 67.Ke3 Nc6 68.Kd3 Nd4 69.Bd5 Ke7 70.Kc4 Kd6  1/2-1/2

[Event "111th ch-SUI"]
[Site "Leukerbad SUI"]
[Date "2011.07.14"]
[Round "8"]
[White "Antognini,F"]
[Black "Netzer,Je"]
[Result "1/2-1/2"]
[WhiteElo "2240"]
[BlackElo "2409"]

1.Nf3 d5 2.g3 g6 3.Bg2 Nf6 4.O-O Bg7 5.d4 O-O 6.Bf4 c5 7.c3 Qb6 8.Qb3 Nc6
9.Rd1 Bf5 10.Na3 Rfc8 11.h3 Na5 12.Qxb6 axb6 13.Ne5 h5 14.c4 cxd4 15.cxd5 Nd7
16.Nd3 Nc4 17.Nxc4 Rxc4 18.a3 Rc2 19.Rd2 Rac8 20.Nb4 R2c5 21.e4 dxe3 22.Bxe3 Rc1+
23.Rxc1 Rxc1+ 24.Kh2 Rb1 25.d6 exd6 26.Nd5 Be6 27.b4 Rb3 28.Nxb6 h4 29.Rxd6 hxg3+
30.fxg3 Rxe3 31.Nxd7 Rxa3 32.Bxb7 Bc3 33.b5 Be1 34.Nf6+ Kg7 35.Ne4 Ra2+ 36.Kg1 Bxh3
37.Bd5 Ra1 38.Kh2 Bg4 39.Rf6 Bf5 40.Rxf7+ Kh6 41.b6 Rb1 42.b7 Rb2+ 43.Kh1 Bxe4+
44.Bxe4 Bxg3 45.Rf6  1/2-1/2

[Event "Oberwart Open"]
[Site "Oberwart AUT"]
[Date "2011.07.14"]
[Round "6"]
[White "Sadilek,P"]
[Black "Videki,S"]
[Result "1/2-1/2"]
[WhiteElo "2233"]
[BlackElo "2460"]

1.Nf3 d5 2.g3 Nf6 3.Bg2 g6 4.c4 Bg7 5.cxd5 Nxd5 6.Nc3 O-O 7.O-O Nc6 8.d4 Nb6
9.d5 Na5 10.e4 c6 11.Bg5 h6 12.Bf4 cxd5 13.Nxd5 Nxd5 14.exd5 Nc4 15.Qb3 Nd6
16.Rfe1 Kh7 17.h3 Re8  1/2-1/2

[Event "Oberwart Open"]
[Site "Oberwart AUT"]
[Date "2011.07.14"]
[Round "6"]
[White "Kovacevic,Bl"]
[Black "Handler,L"]
[Result "1-0"]
[WhiteElo "2480"]
[BlackElo "2301"]

1.Nf3 d5 2.g3 Nf6 3.Bg2 c6 4.c4 dxc4 5.O-O g6 6.Na3 Bg7 7.Nxc4 Be6 8.Qc2 O-O
9.d3 Nbd7 10.Bd2 Bxc4 11.Qxc4 Rc8 12.b4 e5 13.Rac1 Nb6 14.Qc2 Re8 15.Ng5 Nbd5
16.Rfd1 Bf8 17.Qb3 Qe7 18.b5 Qa3 19.bxc6 Qxb3 20.axb3 Rxc6 21.Rxc6 bxc6 22.Rc1 c5
23.Ra1 h6 24.Ne4 Nxe4 25.Bxe4 Nf6 26.Bf3 e4 27.dxe4 Nxe4 28.Be3 Re7 29.Bxe4 Rxe4
30.Rxa7 Kg7 31.Ra4 Re6 32.Ra8 h5 33.Rc8 Rb6 34.Rxf8  1-0

[Event "Oberwart Open"]
[Site "Oberwart AUT"]
[Date "2011.07.14"]
[Round "6"]
[White "Schneider Zinner,H"]
[Black "Palac,M"]
[Result "1/2-1/2"]
[WhiteElo "2346"]
[BlackElo "2592"]

1.Nf3 d5 2.g3 c6 3.Bg2 Bg4 4.c4 e6 5.O-O Nd7 6.b3 Bd6 7.Bb2 Ngf6 8.d3 O-O
9.Nbd2 Re8 10.h3 Bh5 11.Qc2 e5 12.e3 Nf8 13.Rac1 Qd7 14.Qb1 Rad8 15.Rfe1 Qe7
16.Nh4 Bb4 17.Bc3 Bxc3 18.Rxc3 Ne6 19.cxd5 Nxd5 20.Rc4 f6 21.Ne4 Bf7 22.Nf5 Qf8
23.g4 Rd7 24.b4 Red8 25.Rd1 g6 26.Nfg3 Qe7 27.a3 a5 28.bxa5 Qxa3 29.Qa1 Qxa1
30.Rxa1 Kg7 31.a6 Ne7 32.axb7 Rxb7 33.Rc3 Rbd7  1/2-1/2

[Event "Opatija Summer Open"]
[Site "Opatija CRO"]
[Date "2011.07.14"]
[Round "4.6"]
[White "Vrhovnik,D"]
[Black "Pejic,Ig"]
[Result "1-0"]
[WhiteElo "2082"]
[BlackElo "2040"]

1.Nf3 d5 2.g3 c6 3.b3 Bg4 4.Bg2 Nd7 5.Bb2 Ngf6 6.O-O e6 7.c4 Bd6 8.d3 O-O
9.Na3 a5 10.Nc2 b5 11.Ne3 Qb6 12.Nxg4 Nxg4 13.cxd5 cxd5 14.e4 dxe4 15.dxe4 Bc5
16.Qe2 Rac8 17.Rad1 Ndf6 18.Bxf6 gxf6 19.Ne1 Ne5 20.Kh1 Rfd8 21.Rxd8+ Rxd8
22.f4 Nc6 23.Qg4+ Kh8 24.Qh4 Be7 25.Nf3 Nd4 26.Qh5 Kg8 27.e5 Nf5 28.exf6 Bxf6
29.Ng5 Bxg5 30.Qxg5+ Kh8 31.Be4 Rd2 32.Qf6+ Kg8 33.Rc1 Qd8 34.Qxd8+ Rxd8
35.Bxf5 exf5 36.Rc5 Rd1+ 37.Kg2 Rd2+ 38.Kh3 Rxa2 39.Rxb5 a4 40.bxa4 Rxa4
41.Rxf5 Ra2 42.Rh5 Kg7 43.Kg4 Ra4 44.Rb5 Rc4 45.h4 Rc6 46.h5 Ra6 47.Rg5+ Kh6
48.Rf5 Kg7 49.Kg5 h6+ 50.Kg4 Ra4 51.Rb5 Rc4 52.Kf5 Rc6 53.g4 Rf6+ 54.Ke4 Ra6
55.Rd5 Ra4+ 56.Kf5 Ra6 57.g5 Rb6 58.Rd7 Kg8 59.g6 Rb5+ 60.Kg4 fxg6 61.hxg6 h5+
62.Kf3 Rb3+ 63.Ke4 h4 64.f5 h3 65.Rh7 Rb4+ 66.Ke5 Rb5+ 67.Kf6 Rb6+ 68.Kg5 Rb3
69.f6  1-0

[Event "ch-Central Serbia Int Open B"]
[Site "Paracin SRB"]
[Date "2011.07.14"]
[Round "8.3"]
[White "Radovic,Luka"]
[Black "Tomic,Sl"]
[Result "0-1"]
[WhiteElo "1910"]
[BlackElo "2082"]

1.Nf3 d5 2.g3 c5 3.c4 Nf6 4.Bg2 Nc6 5.O-O e5 6.cxd5 Nxd5 7.Nc3 Be6 8.Qa4 Nb6
9.Qd1 Be7 10.d3 O-O 11.Bd2 Rc8 12.Rc1 f6 13.Na4 Nd7 14.a3 b5 15.Nc3 a6 16.Ne1 Nb6
17.Nc2 Qd7 18.Ne3 Nd4 19.f4 exf4 20.Rxf4 Rfd8 21.b4 Bd6 22.Ne4 Bxf4 23.gxf4 cxb4
24.Nc5 Rxc5 25.Rxc5 bxa3 26.Ba5 Qd6 27.Rc1 Qxf4 28.Nf1  0-1

[Event "8th South Wales Int"]
[Site "Penarth WLS"]
[Date "2011.07.14"]
[Round "9.18"]
[White "Taylor,RG"]
[Black "Bridges,P"]
[Result "1/2-1/2"]
[WhiteElo "1978"]
[BlackElo "1854"]

1.Nf3 d5 2.g3 e6 3.Bg2 c6 4.O-O Bd6 5.d3 Nd7 6.e4 Ngf6 7.Qe2 Qc7 8.exd5 cxd5
9.Nd4 O-O 10.Nb5 Qb6 11.Nxd6 Qxd6 12.d4 b5 13.Re1 a6 14.a3 Bb7 15.c3 Rac8
16.Bf4 Qb6 17.Nd2 a5 18.g4 b4 19.cxb4 axb4 20.g5 Ne8 21.Nf3 b3 22.Rac1 Ba6
23.Qd2 Nd6 24.Bxd6 Qxd6 25.Rxc8 Rxc8 26.Rc1 Rc6 27.Bf1 Bxf1 28.Kxf1 Qc7  1/2-1/2